On Gandhi's reflections during his last days: some socio-economic and political aspects (Record no. 510841)
[ view plain ]
| 000 -LEADER | |
|---|---|
| fixed length control field | 00381nam a22001337a 4500 |
| 008 - FIXED-LENGTH DATA ELEMENTS--GENERAL INFORMATION | |
| fixed length control field | 190903b ||||| |||| 00| 0 eng d |
| 100 ## - MAIN ENTRY--PERSONAL NAME | |
| Personal name | Nauriya, Anil |
| 245 ## - TITLE STATEMENT | |
| Title | On Gandhi's reflections during his last days: some socio-economic and political aspects |
| 260 ## - PUBLICATION, DISTRIBUTION, ETC. (IMPRINT) | |
| Date of publication, distribution, etc | 2019 |
| 300 ## - PHYSICAL DESCRIPTION | |
| Extent | p.9-25. |
| 773 ## - HOST ITEM ENTRY | |
| Main entry heading | Social Scientist |
| 906 ## - LOCAL DATA ELEMENT F, LDF (RLIN) | |
| Subject DIP | Gandhi, M.K. |
| 942 ## - ADDED ENTRY ELEMENTS (KOHA) | |
| Source of classification or shelving scheme | |
| Item type | Articles |
| Withdrawn status | Lost status | Source of classification or shelving scheme | Damaged status | Not for loan | Permanent location | Current location | Date acquired | Serial Enumeration / chronology | Barcode | Date last seen | Koha item type |
|---|---|---|---|---|---|---|---|---|---|---|---|
| Indian Institute of Public Administration | Indian Institute of Public Administration | 2019-09-03 | 47(3-4), Mar-Apr, 2019: p.9-25. | AR120689 | 2019-09-03 | Articles |
